HUMAN PHYSIOLOGY FOR BDS (Record no. 3306)
[ view plain ]
| 000 -LEADER | |
|---|---|
| fixed length control field | 00350nam a2200145Ia 4500 |
| 008 - FIXED-LENGTH DATA ELEMENTS--GENERAL INFORMATION | |
| fixed length control field | 150201s2005 xx 000 0 und d |
| 082 ## - DEWEY DECIMAL CLASSIFICATION NUMBER | |
| Classification number | 612 |
| Item number | H2005J |
| 100 ## - MAIN ENTRY--PERSONAL NAME | |
| Personal name | JAIN,A.K. |
| 245 ## - TITLE STATEMENT | |
| Title | HUMAN PHYSIOLOGY FOR BDS |
| 250 ## - EDITION STATEMENT | |
| Edition statement | 3RD |
| 260 ## - PUBLICATION, DISTRIBUTION, ETC. (IMPRINT) | |
| Name of publisher, distributor, etc. | AVICHAL PUBLISHING CO. |
| Place of publication, distribution, etc. | DELHI |
| Date of publication, distribution, etc. | 2005 |
| 300 ## - PHYSICAL DESCRIPTION | |
| Extent | 1-525 |
| 650 ## - SUBJECT ADDED ENTRY--TOPICAL TERM | |
| Topical term or geographic name as entry element | PHYSIOLOGY |
| 942 ## - ADDED ENTRY ELEMENTS (KOHA) | |
| Source of classification or shelving scheme | Dewey Decimal Classification |
| Koha item type | Books |
| Koha issues (borrowed), all copies | 13 |
| Withdrawn status | Lost status | Source of classification or shelving scheme | Damaged status | Not for loan | Home library | Current library | Date acquired | Source of acquisition | Cost, normal purchase price | Serial Enumeration / chronology | SGTU | Bill Number | Total Checkouts | Full call number | Barcode | Date last seen | Date last checked out | Bill Date | Koha item type | Total Renewals |
|---|---|---|---|---|---|---|---|---|---|---|---|---|---|---|---|---|---|---|---|---|
| Dewey Decimal Classification | SGT Dental Library | SGT Dental Library | 03/01/2006 | U.B.S.DELHI | 450.00 | 1 | SGTU | 825/838 | 6 | 612 H2005J | FD3470 | 20/01/2024 | 11/01/2024 | 12/05/2012 | Books | |||||
| Dewey Decimal Classification | SGT Dental Library | SGT Dental Library | 03/01/2006 | U.B.S.DELHI | 450.00 | 1 | SGTU | 825/838 | 5 | 612 H2005J | FD3471 | 02/04/2022 | 02/04/2022 | 12/05/2012 | Books | |||||
| Dewey Decimal Classification | SGT Dental Library | SGT Dental Library | 03/01/2006 | U.B.S.DELHI | 450.00 | 1 | SGTU | 825/838 | 7 | 612 H2005J | FD3472 | 28/11/2023 | 28/11/2023 | 12/05/2012 | Books | |||||
| Dewey Decimal Classification | SGT Dental Library | SGT Dental Library | 03/01/2006 | U.B.S.DELHI | 450.00 | 1 | SGTU | 825/838 | 9 | 612 H2005J | FD3473 | 28/03/2023 | 15/03/2023 | 12/05/2012 | Books | |||||
| Dewey Decimal Classification | SGT Dental Library | SGT Dental Library | 03/01/2006 | U.B.S.DELHI | 450.00 | 1 | SGTU | 825/838 | 1 | 612 H2005J | FD3474 | 28/11/2023 | 28/11/2023 | 12/05/2012 | Books | 1 |